00584nam a22001937a 450000500170000001000150001702000260003203500130005803700130007108200130008410000160009724500610011326000390017427000960021330000220030950000400033165000160037170000030038720100818111233.0 aENG-100813 a9789380060927c120.00 aEN-84346 bDBAD/PUB a621.3815 aKesavan, M. aApplications and design with analogic's /cby M. Kesavan aSalembM. S. K. Publicationsc2009 a3/189-E, Athanoor Amman Kovil St., Masinayaganpatti-post, AyyothiyappattinambSaleme636103 a58 p.c22cm (Pbk) aIncludes bibliographical references aElectronics